000 00677nam a2200265Ia 4500
001 22783
005 20240114000654.0
007 ta
008 060321s1994 a g b000 u 465 u
020 _cPB
040 _aCotton College,Assam
041 _a465
082 _a537.16
_bSe 55 Pl
100 _aSen, S.N .
245 0 _aPlasma Physics: Plasama State of Matter /
_cS.N.Sen.
_hTextual Documents
250 _a1st ed. /
260 _aMeerut :
_bPragati Prakashan ,
_c1994.
300 _a266p. :
_bill ;
_c22cm .
653 _aPhysics
653 _aPlasma Physics
653 _aG-Physics
942 _2ddc
_cBK
999 _c22765
_d22765